<?xml version="1.0" encoding="UTF-8"?><?xml-stylesheet type="text/xsl" href="static/style.xsl"?><OAI-PMH xmlns="http://www.openarchives.org/OAI/2.0/" xmlns:xsi="http://www.w3.org/2001/XMLSchema-instance" xsi:schemaLocation="http://www.openarchives.org/OAI/2.0/ http://www.openarchives.org/OAI/2.0/OAI-PMH.xsd"><responseDate>2026-04-13T07:14:09Z</responseDate><request verb="GetRecord" identifier="oai:www.recercat.cat:2072/454284" metadataPrefix="marc">https://recercat.cat/oai/request</request><GetRecord><record><header><identifier>oai:recercat.cat:2072/454284</identifier><datestamp>2025-03-23T21:06:33Z</datestamp><setSpec>com_2072_98</setSpec><setSpec>col_2072_378196</setSpec></header><metadata><record xmlns="http://www.loc.gov/MARC21/slim" xmlns:dcterms="http://purl.org/dc/terms/" xmlns:xsi="http://www.w3.org/2001/XMLSchema-instance" xmlns:doc="http://www.lyncode.com/xoai" xsi:schemaLocation="http://www.loc.gov/MARC21/slim http://www.loc.gov/standards/marcxml/schema/MARC21slim.xsd">
   <leader>00925njm 22002777a 4500</leader>
   <datafield ind2=" " ind1=" " tag="042">
      <subfield code="a">dc</subfield>
   </datafield>
   <datafield ind2=" " ind1=" " tag="720">
      <subfield code="a">Cimas Pita, Nuria</subfield>
      <subfield code="e">author</subfield>
   </datafield>
   <datafield ind2=" " ind1=" " tag="720">
      <subfield code="a">Universitat Autònoma de Barcelona. Facultat de Traducció i d'Interpretació</subfield>
      <subfield code="e">author</subfield>
   </datafield>
   <datafield ind2=" " ind1=" " tag="260">
      <subfield code="c">2022</subfield>
   </datafield>
   <datafield ind2=" " ind1=" " tag="520">
      <subfield code="a">El presente proyecto nace en el marco de una colaboración a tres bandas con el objetivo de desarrollar un programa de acercamiento de jóvenes inmigrantes en situación de vulnerabilidad a la ISP en ámbito educativo. El grupo MIRAS propone un curso de formación exprés en ISP en ámbito educativo a jóvenes participantes antes de que presten servicios de acompañamiento lingüístico en entidades educativas. Se describe el proceso de elaboración e impartición de la formación y posterior seguimiento del grupo participante y se analiza el impacto que esta ha tenido en el desarrollo de competencias de ISP en el grupo participante.</subfield>
   </datafield>
   <datafield ind2=" " ind1=" " tag="520">
      <subfield code="a">El present projecte neix en el context d'una col·laboració a tres bandes entre el grup MIRAS de la UAB i dos ONG, Prollema i Fundació Germina, amb l'objectiu de desenvolupar un programa d'introducció de joventut immigrant en situació de vulnerabilitat a la interpretació als serveis públics (ISP) en àmbit educatiu. Com a part d'aquest projecte, el grup MIRAS proposa un curs de formació exprés en ISP en àmbit educatiu que s'imparteixi a joves que participin perquè tinguin unes nocions de la disciplina abans de prestar serveis d'acompanyament lingüístic a famílies i entitats educatives. En aquest treball es descriu el procés d'elaboració i d'impartició de la formació i el posterior seguiment del grup participant i s'analitza l'impacte que la formació ha tingut dins del desenvolupament de competències de ISP en el grup participant.</subfield>
   </datafield>
   <datafield ind2=" " ind1=" " tag="520">
      <subfield code="a">This project is the result of the three-way partnership developed by UAB's group MIRAS, and two NGOs, Prollema and Fundació Germina, in order to develop a program to introduce vulnerable immigrant youth to community interpreting in the education sector. As part of said project, group MIRAS offers an express course for the participant group to get basic notions on this field before they provide linguistic support to families and educational entities. This paper describes the process of preparation and teaching of the course, as well as the subsequent follow-up of the participants. It also analyzes the impact the course had on the development of community interpreting skills among participants.</subfield>
   </datafield>
   <datafield tag="653" ind2=" " ind1=" ">
      <subfield code="a">ISP</subfield>
   </datafield>
   <datafield tag="653" ind2=" " ind1=" ">
      <subfield code="a">Competencias</subfield>
   </datafield>
   <datafield tag="653" ind2=" " ind1=" ">
      <subfield code="a">Formación exprés</subfield>
   </datafield>
   <datafield tag="653" ind2=" " ind1=" ">
      <subfield code="a">Ámbito educativo</subfield>
   </datafield>
   <datafield tag="653" ind2=" " ind1=" ">
      <subfield code="a">Jóvenes inmigrantes</subfield>
   </datafield>
   <datafield tag="653" ind2=" " ind1=" ">
      <subfield code="a">Conciencia de intérprete</subfield>
   </datafield>
   <datafield tag="653" ind2=" " ind1=" ">
      <subfield code="a">Community interpreting</subfield>
   </datafield>
   <datafield tag="653" ind2=" " ind1=" ">
      <subfield code="a">Skills</subfield>
   </datafield>
   <datafield tag="653" ind2=" " ind1=" ">
      <subfield code="a">Express course</subfield>
   </datafield>
   <datafield tag="653" ind2=" " ind1=" ">
      <subfield code="a">Educational sector</subfield>
   </datafield>
   <datafield tag="653" ind2=" " ind1=" ">
      <subfield code="a">Immigrant youth</subfield>
   </datafield>
   <datafield tag="653" ind2=" " ind1=" ">
      <subfield code="a">Interpreter awareness</subfield>
   </datafield>
   <datafield tag="653" ind2=" " ind1=" ">
      <subfield code="a">Competències</subfield>
   </datafield>
   <datafield tag="653" ind2=" " ind1=" ">
      <subfield code="a">Formació exprés</subfield>
   </datafield>
   <datafield tag="653" ind2=" " ind1=" ">
      <subfield code="a">Àmbit educatiu</subfield>
   </datafield>
   <datafield tag="653" ind2=" " ind1=" ">
      <subfield code="a">Joves immigrants</subfield>
   </datafield>
   <datafield tag="653" ind2=" " ind1=" ">
      <subfield code="a">Consciència d'intèrpret</subfield>
   </datafield>
   <datafield ind2="0" ind1="0" tag="245">
      <subfield code="a">El potencial de desarrollo de competencias en ISP en ámbito educativo a partir de una formación exprés : una colaboración a tres bandas</subfield>
   </datafield>
</record></metadata></record></GetRecord></OAI-PMH>